| 000 | 01035nam a2200253Ia 4500 | ||
|---|---|---|---|
| 003 | OSt | ||
| 005 | 20220916110924.0 | ||
| 006 | a|||||r|||| 00| 0 | ||
| 007 | ta | ||
| 008 | 220915b |||||||| |||| 00| 0 hin d | ||
| 024 | _a42733 | ||
| 037 | _cTextbook | ||
| 040 |
_bhin _aARTS _cARTS |
||
| 041 | _ahin | ||
| 082 | _aO15:gxE50,1, 152L7 (EPS) | ||
| 100 | _aद्विवेदी, दशरथप्रसाद, संपा. | ||
| 245 | 0 | _aवक्रोक्जिीवितम्: श्री मद्राजानककुन्तक विरचितं | |
| 246 | _aVakrokjiīvitam: shrī madrājānakakuntak virachitan | ||
| 260 |
_aवाराणसी _bविश्वविधालय प्रकाशन भारत _c1977 |
||
| 300 |
_a223पण् _ccm. |
||
| 650 | _aहिन्दी साहित्य | ||
| 942 |
_hO15:gxE50,1, 152L7 (EPS) _cTB _2CC |
||
| 999 |
_c101486 _d101486 |
||